Two Word Number 1 Hits - Statistics

General Stats
  • This quiz has been taken 27 times
  • The average score is 3 of 15
Answer Stats
Hint Answer % Correct
David Bowie - 1983 Let's Dance
53%
George Michael - 1984 Careless Whisper
47%
Flying Pickets - 1983 Only You
37%
Everly Brothers - 1960 Cathy's Clown
32%
Taylor Swift - 2022 Anti Hero
26%
Roxy Music - 1981 Jealous Guy
26%
Boomtown Rats - 1978 Rat Trap
26%
Duran Duran - 1984 The Reflex
26%
Mariah Carey - 1994 Without You
21%
Moody Blues - 1964 Go Now
16%
Lewis Capaldi - 2022 Forget Me
11%
Georgie Fame - 1966 Get Away
5%
The Hollies - 1965 I'm Alive
5%
Beyonce with Shakira - 2007 Beautiful Liar
0%
Westlife - 2000 Fool Again
0%
No matching quizzes found
Score Distribution
Percent of People with Each Score
Percentile by Number Answered
Your Score History
You have not taken this quiz